|
|
|
|
| LEADER |
00000cam a2200000 7i4500 |
| 001 |
0000006259 |
| 005 |
20150625.0 |
| 040 |
|
|
|a INS
|
| 090 |
0 |
0 |
|a S92
|
| 110 |
0 |
|
|a National Conference on Total Quality Management (27-28 October 1992:Kuala Lumpur)
|
| 245 |
1 |
0 |
|a Paper presented at National conference on total quality management at Shangri-La Hotel, Kuala Lumpur on 27 - 28 October 1992 jointly organized by Malaysian Administrative Modemozation and Management Planning Unit (MAMPU) and Malaysian Strategic Consultancy Sdn Bhd.
|
| 260 |
|
|
|a Kuala Lumpur :
|b MAMPU ,
|c 1982
|
| 300 |
|
|
|a 183p. ;
|c 24cm.
|
| 650 |
|
0 |
|a Total quality management
|
| 710 |
1 |
|
|a Malaysian Administrative Modemozation and Management Planning Unit (MAMPU)
|
| 710 |
1 |
|
|a Malaysian Strategic Consultancy Sdn Bhd.
|
| 999 |
|
|
|a 0000021924
|b BOOK
|c Open Shelf
|e Default branch
|
| 999 |
|
|
|a S000000178
|b BOOK
|c Seminar
|e Default branch
|